[Event "Regionalliga NW 1516"]
[Site "Bayern"]
[Date "2016.01.31"]
[Round "6.3"]
[White "Reichel, Alfred"]
[Black "Reissner, Andreas"]
[Result "1/2-1/2"]
[WhiteElo "1954"]
[BlackElo "2018"]
[PlyCount "34"]
[EventDate "2015.10.11"]
[EventType "team-tourn"]
[EventRounds "9"]
[EventCountry "GER"]
[SourceTitle "EXT 2018"]
[Source "ChessBase"]
[SourceDate "2017.10.13"]
[SourceVersion "1"]
[SourceVersionDate "2017.10.13"]
[SourceQuality "1"]
[WhiteTeam "Kirchenlaibach"]
[BlackTeam "Marktleuthen"]
[WhiteTeamCountry "GER"]
[BlackTeamCountry "GER"]

1. e4 d6 2. d4 Nf6 3. Nc3 e5 4. Nf3 Nbd7 5. Bc4 Be7 6. 0-0 0-0 7. Qe2 c6 8. a4 a5 9. Rd1 Qc7 10. h3 h6 11. Ba2 b6 12. Be3 exd4 13. Nxd4 Nc5 14. Qf3 Kh7 15. Nf5 Bxf5 16. Qxf5+ Kh8 17. Bd4 Ncd7 1/2-1/2

[Event "Regionalliga NW 1213"]
[Site "Bayern"]
[Date "2013.03.17"]
[Round "8.4"]
[White "Reichel, Alfred"]
[Black "Reissner, Andreas"]
[Result "1/2-1/2"]
[WhiteElo "2005"]
[BlackElo "2035"]
[PlyCount "65"]
[EventDate "2012.10.14"]
[EventType "team-tourn"]
[EventRounds "9"]
[EventCountry "GER"]
[SourceTitle "EXT 2015"]
[Source "ChessBase"]
[SourceDate "2014.11.20"]
[SourceVersion "1"]
[SourceVersionDate "2014.11.20"]
[SourceQuality "1"]
[WhiteTeam "Kirchenlaibach"]
[BlackTeam "Marktleuthen"]
[WhiteTeamCountry "GER"]
[BlackTeamCountry "GER"]

1. e4 d6 2. d4 Nf6 3. Nc3 e5 4. Nf3 Nbd7 5. Bc4 Be7 6. a4 h6 7. 0-0 c6 8. Qe2 Qc7 9. Rd1 Nf8 10. dxe5 dxe5 11. h3 g5 12. Nh2 Ng6 13. a5 Kf8 14. Qf3 Kg7 15. Ne2 Bc5 16. Ng3 Nh4 17. Qe2 Rb8 18. c3 b5 19. axb6 Bxb6 20. Nh5+ Nxh5 21. Qxh5 Ng6 22. g3 Qe7 23. Kg2 Be6 24. Bxe6 Qxe6 25. Qe2 Rhd8 26. Ng4 Rxd1 27. Qxd1 Rd8 28. Qf3 Rd6 29. Ne3 Ne7 30. b4 Qd7 31. Ng4 f6 32. Be3 h5 33. Nh2 1/2-1/2

[Event "Regionalliga NW 1213"]
[Site "Bayern"]
[Date "2013.02.03"]
[Round "6.6"]
[White "Reichel, Alfred"]
[Black "Steiner, Sascha"]
[Result "1-0"]
[WhiteElo "2005"]
[BlackElo "1853"]
[PlyCount "85"]
[EventDate "2012.10.14"]
[EventType "team-tourn"]
[EventRounds "9"]
[EventCountry "GER"]
[SourceTitle "EXT 2015"]
[Source "ChessBase"]
[SourceDate "2014.11.20"]
[SourceVersion "1"]
[SourceVersionDate "2014.11.20"]
[SourceQuality "1"]
[WhiteTeam "Kirchenlaibach"]
[BlackTeam "Stetten"]
[WhiteTeamCountry "GER"]
[BlackTeamCountry "GER"]

1. e4 c5 2. Nf3 d6 3. d4 cxd4 4. Nxd4 Nc6 5. Nc3 g6 6. Be3 Bg7 7. Qd2 Nf6 8. f3 0-0 9. 0-0-0 Nxd4 10. Bxd4 Be6 11. Kb1 Qa5 12. Nd5 Qxd2 13. Nxe7+ Kh8 14. Rxd2 Rfe8 15. Bxf6 Bxf6 16. Nd5 Bxd5 17. Rxd5 Be7 18. Bc4 Rec8 19. Bb3 Rc7 20. Rhd1 f6 21. g4 Rd8 22. c3 Rc5 23. a4 b6 24. Kc2 Kg7 25. Kd3 Rxd5+ 26. Bxd5 Rc8 27. b4 Rc7 28. Ra1 f5 29. gxf5 Bf6 30. Ra3 gxf5 31. exf5 Be5 32. h3 Kf6 33. c4 Kxf5 34. a5 bxa5 35. Rxa5 Kf4 36. Ra2 Kg3 37. Ke4 Kxh3 38. f4 Bh8 39. Kf3 Re7 40. Be4 Rf7 41. Bd5 Re7 42. Be4 Rf7 43. Bd3 1-0

[Event "Regionalliga NW 1213"]
[Site "Bayern"]
[Date "2012.10.14"]
[Round "1.4"]
[White "Reichel, Alfred"]
[Black "Lengerer, Peter"]
[Result "1-0"]
[WhiteElo "2005"]
[BlackElo "1907"]
[PlyCount "70"]
[EventDate "2012.10.14"]
[EventType "team-tourn"]
[EventRounds "9"]
[EventCountry "GER"]
[SourceTitle "EXT 2015"]
[Source "ChessBase"]
[SourceDate "2014.11.20"]
[SourceVersion "1"]
[SourceVersionDate "2014.11.20"]
[SourceQuality "1"]
[WhiteTeam "Kirchenlaibach"]
[BlackTeam "Coburg"]
[WhiteTeamCountry "GER"]
[BlackTeamCountry "GER"]

1. e4 g6 2. d4 Bg7 3. Nf3 c6 4. Nc3 d5 5. e5 Bg4 6. Be2 Nh6 7. 0-0 Nf5 8. Ng5 Bxe2 9. Nxe2 e6 10. c3 c5 11. Qb3 Qd7 12. dxc5 Bxe5 13. Nf3 Bg7 14. Ned4 Nc6 15. Rd1 0-0 16. Nxf5 gxf5 17. Bf4 Rac8 18. Bd6 Rfd8 19. Qa4 Ne5 20. Qh4 Nxf3+ 21. gxf3 b6 22. b4 bxc5 23. bxc5 Kh8 24. Kh1 Bxc3 25. Be7 f6 26. Bxf6+ Bxf6 27. Qxf6+ Qg7 28. Qxe6 f4 29. Rac1 Rg8 30. Rg1 Qd4 31. c6 Rce8 32. Rxg8+ Rxg8 33. c7 Qg7 34. Qxg8+ Kxg8 35. c8Q+ Kf7 1-0

[Event "Regionalliga NW 1112"]
[Site "Bayern"]
[Date "2012.02.05"]
[Round "6.6"]
[White "Stumpf, Hilmar"]
[Black "Reichel, Alfred"]
[Result "1/2-1/2"]
[WhiteElo "1822"]
[BlackElo "2019"]
[PlyCount "81"]
[EventDate "2011.10.02"]
[EventType "team-tourn"]
[EventRounds "9"]
[EventCountry "GER"]
[SourceTitle "EXT 2013"]
[Source "ChessBase"]
[SourceDate "2012.11.22"]
[SourceVersion "1"]
[SourceVersionDate "2012.11.22"]
[SourceQuality "1"]
[WhiteTeam "Nordhalben"]
[BlackTeam "Kirchenlaibach"]
[WhiteTeamCountry "GER"]
[BlackTeamCountry "GER"]

1. d4 f5 2. g3 Nf6 3. Bg2 g6 4. Nf3 Bg7 5. 0-0 0-0 6. c4 d6 7. Nc3 Nc6 8. Re1 e5 9. dxe5 dxe5 10. Be3 Qe7 11. Nd5 Nxd5 12. cxd5 f4 13. dxc6 fxe3 14. Qb3+ Kh8 15. Qxe3 bxc6 16. Nd2 Rb8 17. b3 Rb4 18. Ne4 Be6 19. Rac1 Bd5 20. Rc2 Rxe4 21. Bxe4 Qb4 22. Rd1 Qxe4 23. Qxe4 Bxe4 24. Rc4 Bd5 25. Ra4 e4 26. Rxa7 Be5 27. e3 Rb8 28. Ra5 Kg7 29. Kg2 Kf6 30. Ra6 Ke6 31. h3 Kd6 32. Rc1 h6 33. Rc2 h5 34. Ra4 g5 35. Ra5 Ke6 36. Ra6 Kd7 37. Ra5 Bd6 38. Ra4 Ke6 39. Ra6 Ke7 40. Ra4 Kd7 41. Rd2 1/2-1/2

[Event "Regionalliga NW 1011"]
[Site "Bayern"]
[Date "2011.02.06"]
[Round "6.6"]
[White "Reichel, Alfred"]
[Black "Schwarzmann, Holger"]
[Result "1-0"]
[WhiteElo "2004"]
[BlackElo "1729"]
[PlyCount "57"]
[EventDate "2010.10.10"]
[EventType "team-tourn"]
[EventRounds "9"]
[EventCountry "GER"]
[SourceTitle "EXT 2012"]
[Source "ChessBase"]
[SourceDate "2011.11.24"]
[SourceVersion "1"]
[SourceVersionDate "2011.11.24"]
[SourceQuality "1"]
[WhiteTeam "Kirchenlaibach"]
[BlackTeam "Hoechstadt/Aisch"]
[WhiteTeamCountry "GER"]
[BlackTeamCountry "GER"]

1. e4 d5 2. exd5 Qxd5 3. Nc3 Qa5 4. d4 c6 5. Nf3 Bg4 6. h3 Bh5 7. g4 Bg6 8. Ne5 Nf6 9. Nc4 Qc7 10. Qf3 e6 11. Bf4 Qd8 12. 0-0-0 Nd5 13. Ne4 Bxe4 14. Qxe4 Nxf4 15. Qxf4 Be7 16. h4 h6 17. Bd3 Nd7 18. Kb1 b5 19. Ne5 Nxe5 20. dxe5 Qc7 21. g5 Bf8 22. Qe4 a6 23. g6 Rc8 24. gxf7+ Qxf7 25. Qg2 Qf4 26. Bg6+ Ke7 27. Rh3 Rd8 28. Rxd8 Kxd8 29. Qxc6 1-0

[Event "Regionalliga NW 1011"]
[Site "Bayern"]
[Date "2010.10.10"]
[Round "1.6"]
[White "Reichel, Alfred"]
[Black "Horther, Heinrich"]
[Result "1/2-1/2"]
[WhiteElo "2004"]
[BlackElo "1967"]
[PlyCount "54"]
[EventDate "2010.10.10"]
[EventType "team-tourn"]
[EventRounds "9"]
[EventCountry "GER"]
[SourceTitle "EXT 2012"]
[Source "ChessBase"]
[SourceDate "2011.11.24"]
[SourceVersion "1"]
[SourceVersionDate "2011.11.24"]
[SourceQuality "1"]
[WhiteTeam "Kirchenlaibach"]
[BlackTeam "Kronach"]
[WhiteTeamCountry "GER"]
[BlackTeamCountry "GER"]

1. e4 e6 2. d4 d5 3. Nc3 Nf6 4. Bg5 Bb4 5. e5 h6 6. Bd2 Bxc3 7. bxc3 Ne4 8. Bd3 Nxd2 9. Qxd2 c5 10. Nf3 Qa5 11. c4 Qxd2+ 12. Kxd2 cxd4 13. cxd5 exd5 14. Nxd4 Bd7 15. Rab1 Nc6 16. Nb5 0-0 17. Rhe1 b6 18. Nc7 Rac8 19. Nxd5 Be6 20. Nc3 Rfd8 21. f4 Na5 22. Nb5 Nc4+ 23. Ke2 a6 24. Nd6 Nxd6 25. exd6 Rxd6 26. Rb2 Bc4 27. Kd2 Kf8 1/2-1/2

[Event "Regionalliga NW 0910"]
[Site "Bayern"]
[Date "2010.02.07"]
[Round "6.4"]
[White "Reichel, Alfred"]
[Black "Nuernberger, Stefan"]
[Result "1/2-1/2"]
[WhiteElo "2004"]
[BlackElo "2004"]
[PlyCount "51"]
[EventDate "2009.10.18"]
[EventType "team-tourn"]
[EventRounds "9"]
[EventCountry "GER"]
[SourceTitle "EXT 2011"]
[Source "ChessBase"]
[SourceDate "2010.11.26"]
[SourceVersion "1"]
[SourceVersionDate "2010.11.26"]
[SourceQuality "1"]
[WhiteTeam "Kirchenlaibach"]
[BlackTeam "Marktleuthen"]
[WhiteTeamCountry "GER"]
[BlackTeamCountry "GER"]

1. e4 d6 2. d4 Nf6 3. Nc3 g6 4. f3 c6 5. Be3 Qc7 6. Qd2 Nbd7 7. g4 b5 8. g5 Nh5 9. f4 Nb6 10. b3 Bb7 11. Bg2 Bg7 12. Nge2 b4 13. Nd1 c5 14. c4 f5 15. gxf6 Nxf6 16. Nf2 a5 17. 0-0 Nfd7 18. Rad1 0-0-0 19. d5 Kb8 20. Nd3 Nf6 21. Nf2 Bc8 22. h3 Nh5 23. Nh1 Rhf8 24. Nhg3 Nxg3 25. Nxg3 Bd7 26. e5 1/2-1/2

[Event "Regionalliga NW 0910"]
[Site "Bayern"]
[Date "2009.12.13"]
[Round "4.3"]
[White "Hild, Detlef"]
[Black "Reichel, Alfred"]
[Result "1/2-1/2"]
[WhiteElo "1978"]
[BlackElo "2004"]
[PlyCount "48"]
[EventDate "2009.10.18"]
[EventType "team-tourn"]
[EventRounds "9"]
[EventCountry "GER"]
[SourceTitle "EXT 2011"]
[Source "ChessBase"]
[SourceDate "2010.11.26"]
[SourceVersion "1"]
[SourceVersionDate "2010.11.26"]
[SourceQuality "1"]
[WhiteTeam "Nordhalben"]
[BlackTeam "Kirchenlaibach"]
[WhiteTeamCountry "GER"]
[BlackTeamCountry "GER"]

1. Nf3 Nf6 2. g3 g6 3. Bg2 Bg7 4. 0-0 0-0 5. d4 d5 6. c4 c6 7. Nc3 b6 8. Ne5 Bb7 9. Qb3 e6 10. Rd1 Nbd7 11. a4 a6 12. Bg5 Qc7 13. Bf4 Nxe5 14. Bxe5 Qd8 15. e4 dxc4 16. Qxc4 b5 17. Qb3 Re8 18. Ne2 Bf8 19. Rac1 Nd7 20. axb5 axb5 21. Bf4 Nb6 22. d5 exd5 23. exd5 Nxd5 24. Nc3 b4 1/2-1/2

[Event "Regionalliga NW 0910"]
[Site "Bayern"]
[Date "2009.10.18"]
[Round "1.4"]
[White "Vogt, Thomas"]
[Black "Reichel, Alfred"]
[Result "1-0"]
[WhiteElo "1910"]
[BlackElo "2004"]
[PlyCount "105"]
[EventDate "2009.10.18"]
[EventType "team-tourn"]
[EventRounds "9"]
[EventCountry "GER"]
[SourceTitle "EXT 2011"]
[Source "ChessBase"]
[SourceDate "2010.11.26"]
[SourceVersion "1"]
[SourceVersionDate "2010.11.26"]
[SourceQuality "1"]
[WhiteTeam "Wuerzburg II"]
[BlackTeam "Kirchenlaibach"]
[WhiteTeamCountry "GER"]
[BlackTeamCountry "GER"]

1. e4 e5 2. Nf3 Nc6 3. Bb5 a6 4. Bxc6 bxc6 5. d4 exd4 6. Nxd4 g6 7. Be3 Bg7 8. Nc3 Ne7 9. Qd2 h6 10. Rd1 d6 11. 0-0 Bd7 12. Nde2 c5 13. f4 Rb8 14. b3 Rb4 15. e5 Nf5 16. a3 Rb8 17. exd6 cxd6 18. Ne4 Qe7 19. Nxd6+ Nxd6 20. Qxd6 Qxe3+ 21. Kh1 Rd8 22. Rfe1 Qe7 23. Nd4 Be6 24. Qxe7+ Kxe7 25. Nc6+ Kf6 26. Nxd8 Kf5 27. Nxe6 fxe6 28. g3 Bb2 29. a4 Bc3 30. Re2 a5 31. Kg2 h5 32. Kf3 Rf8 33. Rd3 Bd4 34. c3 Bg7 35. Rd6 Re8 36. Rc6 Bf8 37. Re5+ Kf6 38. c4 Kf7 39. Rc7+ Kf6 40. Rc6 Kf7 41. Ra6 Rb8 42. Re3 Bg7 43. Ra7+ Kf8 44. Rxa5 Bd4 45. Rd3 Kf7 46. Ke4 Kf6 47. Rb5 Ra8 48. a5 Bg1 49. h3 Ra6 50. g4 hxg4 51. hxg4 g5 52. f5 exf5+ 53. gxf5 1-0

[Event "Dresden ZMD op"]
[Site "Dresden"]
[Date "2003.08.02"]
[Round "9"]
[White "Zawadzki, Stanislaw"]
[Black "Reichel, Alfred"]
[Result "1-0"]
[WhiteElo "2411"]
[BlackElo "2232"]
[PlyCount "111"]
[EventDate "2003.07.25"]
[EventType "swiss"]
[EventRounds "9"]
[EventCountry "GER"]
[SourceTitle "EXT 2004"]
[Source "ChessBase"]
[SourceDate "2003.11.25"]
[SourceVersion "1"]
[SourceVersionDate "2003.11.25"]
[SourceQuality "1"]

1. e4 e5 2. Nf3 Nc6 3. Bb5 a6 4. Ba4 Nf6 5. 0-0 Be7 6. Re1 b5 7. Bb3 d6 8. h3 0-0 9. c3 h6 10. d4 Re8 11. Nbd2 Bf8 12. a3 Na5 13. Bc2 c5 14. b4 cxb4 15. cxb4 Nc6 16. d5 Ne7 17. Nb3 Bd7 18. Be3 Nc8 19. Na5 Nb6 20. Nd2 Rc8 21. Rc1 Qc7 22. Qe2 Qb8 23. Bb3 Rxc1 24. Rxc1 Rc8 25. Rxc8 Nxc8 26. Qd3 Ne8 27. Qc2 Nb6 28. Nc6 Qc7 29. Nxe5 dxe5 30. Qxc7 Nxc7 31. Bxb6 Ne8 32. Kf1 Nd6 33. Ke2 Be7 34. Bc5 Kf8 35. Kd3 Ke8 36. Bd1 g6 37. Bg4 f5 38. exf5 gxf5 39. Bh5+ Kd8 40. g4 Kc7 41. f3 Bc8 42. Bg6 Bb7 43. Bxd6+ Bxd6 44. Bf7 Bc8 45. Be6 fxg4 46. fxg4 Bb7 47. h4 Be7 48. Nf3 a5 49. g5 hxg5 50. hxg5 axb4 51. g6 bxa3 52. g7 e4+ 53. Kc2 a2 54. d6+ Kxd6 55. Bxa2 exf3 56. g8Q 1-0

[Event "Dresden ZMD op"]
[Site "Dresden"]
[Date "2003.07.31"]
[Round "7"]
[White "Spiegelberg, Olaf"]
[Black "Reichel, Alfred"]
[Result "1/2-1/2"]
[WhiteElo "2059"]
[BlackElo "2232"]
[PlyCount "29"]
[EventDate "2003.07.25"]
[EventType "swiss"]
[EventRounds "9"]
[EventCountry "GER"]
[SourceTitle "EXT 2004"]
[Source "ChessBase"]
[SourceDate "2003.11.25"]
[SourceVersion "1"]
[SourceVersionDate "2003.11.25"]
[SourceQuality "1"]

1. e4 e5 2. Bc4 Nf6 3. Qe2 Nc6 4. c3 Bc5 5. Nf3 d6 6. h3 h6 7. b4 Bb6 8. a4 a6 9. a5 Ba7 10. d3 0-0 11. 0-0 Re8 12. Qa2 Be6 13. Nbd2 d5 14. Bb3 dxe4 15. dxe4 1/2-1/2

[Event "Bayern-ch 71st"]
[Site "Bad Koenigshofen"]
[Date "2000.08.28"]
[Round "4"]
[White "Reichel, Alfred"]
[Black "Eiber, Manfred"]
[Result "1/2-1/2"]
[WhiteElo "2116"]
[BlackElo "2271"]
[PlyCount "127"]
[EventDate "2000.08.26"]
[EventType "swiss"]
[EventRounds "9"]
[EventCountry "GER"]
[SourceTitle "EXT 2015"]
[Source "ChessBase"]
[SourceDate "2014.11.20"]
[SourceVersion "1"]
[SourceVersionDate "2014.11.20"]
[SourceQuality "1"]

1. e4 c6 2. d4 d5 3. Nc3 dxe4 4. Nxe4 Nf6 5. Nxf6+ gxf6 6. Nf3 Bg4 7. Be2 Qc7 8. h3 Bh5 9. 0-0 e6 10. Be3 Nd7 11. c4 Bd6 12. Qa4 0-0 13. Bh6 Rfe8 14. Rfe1 Kh8 15. Rad1 Rg8 16. Qb3 b6 17. Qe3 Rae8 18. Ne5 Bxe5 19. Bxh5 Bh2+ 20. Kh1 Nf8 21. Qf3 f5 22. g3 Bxg3 23. fxg3 Rxg3 24. Qf1 Ng6 25. Bxg6 Rxg6 26. Bf4 Qb7 27. Qf3 f6 28. Re2 Qd7 29. Rg2 Reg8 30. Rxg6 hxg6 31. h4 Qh7 32. Kg2 Rc8 33. Re1 Qd7 34. Qe3 Re8 35. Bg3 Kg7 36. Qf4 Rd8 37. Bf2 Rh8 38. Re2 Re8 39. Rd2 Rd8 40. Be3 Rh8 41. Qg3 Kf7 42. Bf4 Rd8 43. b3 Rc8 44. Kg1 Rg8 45. Qf3 Rh8 46. Bg3 Rc8 47. Qf4 Rh8 48. c5 b5 49. Qd6 Rd8 50. Qxd7+ Rxd7 51. Bd6 a5 52. a3 Ra7 53. Kf2 a4 54. b4 Ra8 55. Re2 Rh8 56. Kg3 g5 57. Rh2 Kg6 58. hxg5 Rxh2 59. Kxh2 fxg5 60. Kg3 Kf7 61. Kf3 Kg6 62. Be7 Kh5 63. Kg3 Kg6 64. Kf3 1/2-1/2

[Event "Bayern-chB 70th"]
[Site "Fuerth"]
[Date "1999.??.??"]
[Round "?"]
[White "Hepting, Heinrich"]
[Black "Reichel, Alfred"]
[Result "1/2-1/2"]
[WhiteElo "2188"]
[BlackElo "2215"]
[PlyCount "128"]
[EventDate "1999.09.04"]
[EventType "swiss"]
[EventRounds "9"]
[EventCountry "GER"]
[SourceTitle "EXT 2001"]
[Source "ChessBase"]
[SourceDate "2000.11.22"]
[SourceVersion "1"]
[SourceVersionDate "2000.11.22"]
[SourceQuality "1"]

1. Nf3 Nf6 2. g3 g6 3. b4 Bg7 4. Bb2 d6 5. Bg2 0-0 6. 0-0 e5 7. d3 Nc6 8. a3 Nh5 9. e4 f5 10. exf5 Bxf5 11. b5 Ne7 12. d4 exd4 13. Bxd4 Qd7 14. Bxg7 Nxg7 15. Re1 Rae8 16. Nc3 c6 17. Nd4 Bh3 18. bxc6 bxc6 19. Nxc6 Nxc6 20. Rxe8 Rxe8 21. Bxh3 Qxh3 22. Qd5+ Qe6 23. Qxc6 Rc8 24. Qf3 Qe5 25. Qd5+ Qxd5 26. Nxd5 Rxc2 27. Rb1 Ne6 28. Rb8+ Kg7 29. Rb7+ Kf8 30. Rxa7 Ng5 31. Nf4 Ne4 32. Rxh7 Nxf2 33. Nxg6+ Kg8 34. Rh4 Kg7 35. Nf4 Ra2 36. a4 Nd1 37. Nh5+ Kg6 38. Rd4 Ne3 39. Nf4+ Kf5 40. Nd3 Ra1+ 41. Kf2 Ng4+ 42. Kf3 Nxh2+ 43. Kg2 Ng4 44. Rf4+ Kg5 45. Nf2 Nxf2 46. Kxf2 Ra2+ 47. Kf3 Ra3+ 48. Kg2 Ra2+ 49. Kh3 d5 50. Rb4 Ra3 51. Kg2 Kf5 52. Kf2 Ke5 53. g4 d4 54. g5 Kf5 55. Rb5+ Kg6 56. a5 Kh5 57. Ke2 Kg6 58. Kd2 Kh5 59. Rd5 d3 60. Rb5 Kg6 61. Rb6+ Kxg5 62. Ra6 Kf5 63. Ra8 Ke6 64. a6 Kd7 1/2-1/2

[Event "Bayern-chB 70th"]
[Site "Fuerth"]
[Date "1999.??.??"]
[Round "?"]
[White "Reichel, Alfred"]
[Black "Heika, Martin"]
[Result "1/2-1/2"]
[WhiteElo "2215"]
[BlackElo "2279"]
[PlyCount "95"]
[EventDate "1999.09.04"]
[EventType "swiss"]
[EventRounds "9"]
[EventCountry "GER"]
[SourceTitle "EXT 2001"]
[Source "ChessBase"]
[SourceDate "2000.11.22"]
[SourceVersion "1"]
[SourceVersionDate "2000.11.22"]
[SourceQuality "1"]

1. e4 e6 2. d4 d5 3. Nc3 Bb4 4. e5 c5 5. a3 Ba5 6. b4 cxd4 7. Nb5 Bc7 8. f4 Nh6 9. Nf3 Bd7 10. Nbxd4 Nc6 11. Be2 Nxd4 12. Nxd4 f6 13. 0-0 0-0 14. exf6 Qxf6 15. c3 e5 16. fxe5 Qxe5 17. g3 Rxf1+ 18. Bxf1 Ng4 19. Bf4 Qh5 20. h3 Bxf4 21. gxf4 Nf6 22. Qxh5 Nxh5 23. c4 Nxf4 24. h4 dxc4 25. Bxc4+ Kh8 26. Rf1 Rf8 27. Kh2 Ng6 28. Rxf8+ Nxf8 29. Kg3 h6 30. Bd5 b6 31. h5 g5 32. hxg6 Nxg6 33. Bf3 Kg7 34. Bg4 Bxg4 35. Kxg4 Kf6 36. Kh5 Ne7 37. Nb5 Nc6 38. Kxh6 Ke6 39. Kg5 Kd5 40. Kf6 Kc4 41. Nd6+ Kd5 42. Nb5 a5 43. bxa5 Nxa5 44. Na7 Nc6 45. Nxc6 Kxc6 46. Ke6 b5 47. Ke7 b4 48. axb4 1/2-1/2

[Event "Bayern-chB 69th"]
[Site "Kaufbeuren"]
[Date "1998.09.06"]
[Round "9"]
[White "Luft, Martin"]
[Black "Reichel, Alfred"]
[Result "1/2-1/2"]
[WhiteElo "2150"]
[BlackElo "2215"]
[PlyCount "22"]
[EventDate "1998.08.29"]
[EventType "swiss"]
[EventRounds "9"]
[EventCountry "GER"]
[SourceTitle "EXT 2001"]
[Source "ChessBase"]
[SourceDate "2000.11.22"]
[SourceVersion "1"]
[SourceVersionDate "2000.11.22"]
[SourceQuality "1"]

1. Nf3 Nf6 2. d4 g6 3. Bf4 Bg7 4. e3 d6 5. Be2 0-0 6. 0-0 b6 7. h3 Bb7 8. a4 a6 9. c3 Nbd7 10. Qb3 Ne4 11. Rd1 Qc8 1/2-1/2